| 000 | 00857nam a2200229Ia 4500 | ||
|---|---|---|---|
| 001 | 17650 | ||
| 003 | GE_BSU | ||
| 008 | 181216s||||||||xx |||||||||||||| ||und|| | ||
| 040 | _cGE_BSU | ||
| 080 | _a821.353.1(092ქიაჩელი, ლეო) +821.353.1.09 | ||
| 100 | _aკვანჭილაშვილი,ტარიელ | ||
| 245 | _aლეო ქიაჩელი | ||
| 245 | _bმონოგრაფია | ||
| 245 | _cრედ.:ბ.მირცხულავა;მხატვ.:ო.ვარვარიძე | ||
| 260 | _aთბილისი | ||
| 260 | _bსახელგამი | ||
| 260 | _c1955 | ||
| 300 | _a152გვ. ; 22სმ. | ||
| 653 | _aმონოგრაფია | ||
| 653 | _aქართული ლიტერატურის ისტორია და კრიტიკა | ||
| 942 | _cBK | ||
| 999 |
_c50699 _d50699 |
||